[Event "Helmond Rapid op"]
[Site "Helmond"]
[Date "2023.06.10"]
[Round "8"]
[White "Madularea, David"]
[Black "De Boer, Hein"]
[Result "1-0"]
[WhiteElo "1875"]
[BlackElo "1638"]
[PlyCount "85"]
[EventDate "2023.06.10"]
[EventType "swiss (rapid)"]
[EventRounds "9"]
[EventCountry "NED"]
[SourceTitle "CBM 214 Extra"]
[Source "ChessBase"]
[SourceDate "2023.07.31"]
[SourceVersion "1"]
[SourceVersionDate "2023.07.31"]
[SourceQuality "1"]

1. b3 d6 2. Bb2 e5 3. e3 Nf6 4. c4 c5 5. Nc3 Nc6 6. Nge2 Bg4 7. g3 Be7 8. Bg2 Qd7 9. 0-0 h5 10. f3 Bh3 11. d4 Bxg2 12. Kxg2 h4 13. Rh1 h3+ 14. Kf2 exd4 15. exd4 Qf5 16. Ke3 cxd4+ 17. Nxd4 Qe5+ 18. Ne4 Nxe4 19. fxe4 Bg5+ 20. Kd3 Nb4+ 21. Kc3 Nc6 22. Kd3 Nxd4 23. Bxd4 Qe6 24. Kc3 0-0 25. Qf3 b5 26. Qf5 Qxf5 27. exf5 a5 28. cxb5 Rac8+ 29. Kd3 Rb8 30. a4 Rfe8 31. Rhe1 Red8 32. Bc3 Ra8 33. Ra2 d5 34. Bd4 Bh6 35. Rc2 Bg5 36. Rc7 Rdc8 37. Bb6 Rxc7 38. Bxc7 Ra7 39. b6 Rb7 40. Re8+ Kh7 41. Rb8 Rxb8 42. Bxb8 Bd8 43. Bc7 1-0

[Event "Helmond Rapid op"]
[Site "Helmond"]
[Date "2023.06.10"]
[Round "2"]
[White "Madularea, David"]
[Black "Van Roon, Sjoerd"]
[Result "0-1"]
[WhiteElo "1875"]
[BlackElo "2237"]
[PlyCount "100"]
[EventDate "2023.06.10"]
[EventType "swiss (rapid)"]
[EventRounds "9"]
[EventCountry "NED"]
[SourceTitle "CBM 214 Extra"]
[Source "ChessBase"]
[SourceDate "2023.07.31"]
[SourceVersion "1"]
[SourceVersionDate "2023.07.31"]
[SourceQuality "1"]

1. e4 c5 2. Nf3 Nc6 3. d4 cxd4 4. Nxd4 Nf6 5. Nc3 e5 6. Ndb5 d6 7. Bg5 a6 8. Na3 b5 9. Nd5 Be7 10. Bxf6 Bxf6 11. c4 b4 12. Nc2 a5 13. g3 g6 14. Bg2 Bg7 15. 0-0 0-0 16. Nde3 Be6 17. Qd3 Qb6 18. b3 Rfd8 19. a3 a4 20. Nxb4 Nxb4 21. axb4 Qxb4 22. Rxa4 Rxa4 23. bxa4 Qxa4 24. Rb1 Qa7 25. h3 Bf8 26. Nd5 Rc8 27. Kh2 Qxf2 28. Rf1 Qa7 29. h4 Bxd5 30. Qxd5 Rc5 31. Qd3 Qc7 32. Rc1 Bh6 33. Rc2 Ra5 34. Bh3 Qc5 35. Qf1 Kg7 36. Qf3 Ra3 37. Qf1 Be3 38. Rb2 Qd4 39. Rb7 Ra2+ 40. Bg2 Rf2 41. Qb1 Qd2 42. Qh1 Qe2 43. Kh3 h5 44. Rc7 Qg4+ 45. Kh2 Qxe4 46. Rd7 Qg4 47. Rxd6 Rc2 48. Rc6 Bf4 49. gxf4 Qxf4+ 50. Kg1 Rc1+ 0-1

[Event "NED-ch U14"]
[Site "Almelo"]
[Date "2022.05.05"]
[Round "6"]
[White "Ponomarev, Ivan2222"]
[Black "Madularea, David"]
[Result "1/2-1/2"]
[WhiteElo "1744"]
[BlackElo "1774"]
[PlyCount "83"]
[EventDate "2022.05.01"]
[EventType "swiss"]
[EventRounds "9"]
[EventCountry "NED"]
[SourceTitle "EXT 2023"]
[Source "ChessBase"]
[SourceDate "2022.10.05"]
[SourceVersion "1"]
[SourceVersionDate "2022.10.05"]
[SourceQuality "1"]

1. e4 c5 2. Nf3 d6 3. Bb5+ Bd7 4. Bxd7+ Qxd7 5. 0-0 Nf6 6. Qe2 Nc6 7. c3 e6 8. d4 cxd4 9. cxd4 d5 10. e5 Ne4 11. Be3 Be7 12. Ne1 h5 13. f3 Ng5 14. Nc3 f5 15. Nd3 Nf7 16. f4 a6 17. a4 b6 18. Rfc1 h4 19. Rab1 Nb4 20. Nxb4 Bxb4 21. b3 0-0 22. Qh5 Rfc8 23. Ne2 Ba3 24. Rxc8+ Qxc8 25. Qxh4 Qc2 26. Qe1 Nh6 27. h3 Rc8 28. Kf2 Qe4 29. Rd1 a5 30. Qd2 Rc2 31. Qd3 Qxd3 32. Rxd3 Bb4 33. Kf3 Kf7 34. g4 fxg4+ 35. hxg4 Nxg4 36. Kxg4 Rxe2 37. f5 exf5+ 38. Kxf5 g6+ 39. Kg4 Ke6 40. Kf3 Rc2 41. Kg4 Rg2+ 42. Kf3 1/2-1/2

[Event "NED-ch U14"]
[Site "Almelo"]
[Date "2022.05.04"]
[Round "5"]
[White "Madularea, David"]
[Black "Dekker, Thiemen"]
[Result "1/2-1/2"]
[WhiteElo "1774"]
[BlackElo "1935"]
[PlyCount "62"]
[EventDate "2022.05.01"]
[EventType "swiss"]
[EventRounds "9"]
[EventCountry "NED"]
[SourceTitle "EXT 2023"]
[Source "ChessBase"]
[SourceDate "2022.10.05"]
[SourceVersion "1"]
[SourceVersionDate "2022.10.05"]
[SourceQuality "1"]

1. e4 e5 2. Nf3 Nc6 3. Bb5 f5 4. Nc3 fxe4 5. Nxe4 Nf6 6. Qe2 d5 7. Nxf6+ gxf6 8. 0-0 Qd6 9. d4 e4 10. Nh4 Be6 11. g3 0-0-0 12. c3 Be7 13. b4 Bh3 14. Ng2 h5 15. a4 h4 16. Bf4 Qe6 17. Bxc6 Qxc6 18. b5 Qe6 19. a5 Bd6 20. Bxd6 Qxd6 21. Rfb1 Rdg8 22. b6 a6 23. bxc7 Bxg2 24. Kxg2 hxg3 25. hxg3 Qxc7 26. Rh1 Rxh1 27. Rxh1 Qxa5 28. Qh5 Kb8 29. Qf7 Rc8 30. Rb1 b5 31. Qxf6 Ka7 1/2-1/2

[Event "NED-ch U14"]
[Site "Almelo"]
[Date "2021.08.05"]
[Round "7"]
[White "Pancharajah, Abisan"]
[Black "Madularea, David"]
[Result "0-1"]
[WhiteElo "1650"]
[BlackElo "1656"]
[PlyCount "112"]
[EventDate "2021.08.01"]
[EventType "swiss"]
[EventRounds "9"]
[EventCountry "NED"]
[SourceTitle "EXT 2022"]
[Source "ChessBase"]
[SourceDate "2021.10.06"]
[SourceVersion "1"]
[SourceVersionDate "2021.10.06"]
[SourceQuality "1"]

1. e4 c5 2. Nf3 d6 3. d4 cxd4 4. Nxd4 Nf6 5. Nc3 a6 6. f3 h5 7. Be3 e5 8. Nb3 Be6 9. Qd2 Be7 10. 0-0-0 Nbd7 11. Be2 Rc8 12. h4 b5 13. Rdg1 Nb6 14. Kb1 Nc4 15. Bxc4 Bxc4 16. g4 hxg4 17. fxg4 b4 18. Na4 Nxe4 19. Qxb4 d5 20. Qe1 Bxb3 21. axb3 Rxh4 22. Nb6 Rc6 23. Na4 g5 24. c4 dxc4 25. Bc1 Qd3+ 26. Ka1 cxb3 27. Qa5 Qb5 28. Qxb5 axb5 29. Nc3 Nxc3 30. bxc3 Rxc3 31. Bb2 Re3 32. Re1 Rxh1 33. Rxh1 f6 34. Rh8+ Kf7 35. Bc1 Re1 36. Kb2 Ba3+ 37. Kxa3 Rxc1 38. Kxb3 Rc4 39. Rb8 Rxg4 40. Rxb5 Kg6 41. Rb6 Rd4 42. Kc3 g4 43. Rb8 Kf5 44. Rb1 g3 45. Rf1+ Kg5 46. Rg1 Kg4 47. Rf1 f5 48. Rg1 f4 49. Re1 g2 50. Rxe5 g1Q 51. Re1 Qxe1+ 52. Kxd4 f3 53. Kd5 f2 54. Kd6 f1Q 55. Kc7 Qb5 56. Kc8 Qee8+ 0-1

[Event "NED-ch U14"]
[Site "Almelo"]
[Date "2021.08.03"]
[Round "4"]
[White "Kien, Lancelot"]
[Black "Madularea, David"]
[Result "0-1"]
[WhiteElo "1650"]
[BlackElo "1656"]
[PlyCount "36"]
[EventDate "2021.08.01"]
[EventType "swiss"]
[EventRounds "9"]
[EventCountry "NED"]
[SourceTitle "EXT 2022"]
[Source "ChessBase"]
[SourceDate "2021.10.06"]
[SourceVersion "1"]
[SourceVersionDate "2021.10.06"]
[SourceQuality "1"]

1. e4 c5 2. Nf3 d6 3. d4 cxd4 4. Nxd4 Nf6 5. Nc3 a6 6. Be3 e5 7. Nb3 Be6 8. f3 h5 9. Qd2 Be7 10. 0-0-0 Nbd7 11. Bg5 Rc8 12. f4 b5 13. f5 Bxb3 14. axb3 Qa5 15. Kb1 b4 16. Na4 Nxe4 17. Qe3 Nxg5 18. Qa7 Qc7 0-1

[Event "NED-ch U12 op"]
[Site "Borne"]
[Date "2019.08.09"]
[Round "9"]
[White "De Keukelaere, Ruben"]
[Black "Madularea, David"]
[Result "1-0"]
[WhiteElo "700"]
[BlackElo "1234"]
[PlyCount "63"]
[EventDate "2019.08.05"]
[EventType "swiss"]
[EventRounds "13"]
[EventCountry "NED"]
[SourceTitle "EXT 2020"]
[Source "ChessBase"]
[SourceDate "2019.10.17"]
[SourceVersion "1"]
[SourceVersionDate "2019.10.17"]
[SourceQuality "1"]

1. e4 e6 2. d4 d5 3. e5 c5 4. c3 Nc6 5. Nf3 f6 6. Bb5 Bd7 7. Bf4 Qb6 8. a4 a6 9. Be2 Qxb2 10. Nbd2 Qxc3 11. dxc5 Qxc5 12. 0-0 Be7 13. Rb1 fxe5 14. Bxe5 Nxe5 15. Nxe5 Qc7 16. Nxd7 Qxd7 17. Rb5 Rc8 18. Rb6 Rc6 19. Rb3 Nf6 20. Nf3 Bd6 21. Re1 0-0 22. Bd3 Re8 23. Re5 Ng4 24. Re1 Bc5 25. Rf1 Rec8 26. Ng5 Bxf2+ 27. Kh1 Ne3 28. Bxh7+ Kf8 29. Rxf2+ Nf5 30. Bxf5 Rc1 31. Bc2+ Ke8 32. Qxc1 1-0

[Event "NED-ch U12 op"]
[Site "Borne"]
[Date "2019.08.09"]
[Round "10"]
[White "Madularea, David"]
[Black "Rudolph, Konrad"]
[Result "0-1"]
[WhiteElo "1234"]
[BlackElo "694"]
[PlyCount "84"]
[EventDate "2019.08.05"]
[EventType "swiss"]
[EventRounds "13"]
[EventCountry "NED"]
[SourceTitle "EXT 2020"]
[Source "ChessBase"]
[SourceDate "2019.10.17"]
[SourceVersion "1"]
[SourceVersionDate "2019.10.17"]
[SourceQuality "1"]

1. e4 Nf6 2. e5 Nd5 3. c4 Nb6 4. d4 d6 5. f4 g6 6. Nf3 Nc6 7. d5 Nb8 8. Bd3 N8d7 9. b4 dxe5 10. fxe5 Bg7 11. Bb2 0-0 12. 0-0 c6 13. Be2 Nb8 14. Qd2 cxd5 15. Rd1 e6 16. cxd5 exd5 17. Na3 Nc6 18. b5 Ne7 19. Nc4 Nxc4 20. Bxc4 Be6 21. Bb3 h6 22. Rac1 b6 23. Rc3 Qd7 24. Ba3 Rfe8 25. Bxe7 Rxe7 26. Rc6 Rd8 27. Rd6 Qc7 28. Rxd8+ Qxd8 29. Bxd5 Rd7 30. Bxe6 Rxd2 31. Rxd2 Qe8 32. Bd7 Qe7 33. Rd5 Qa3 34. e6 Qe3+ 35. Kf1 fxe6 36. Be8 exd5 37. Bxg6 d4 38. Ne1 Qf4+ 39. Kg1 Qe5 40. Nd3 Qe3+ 41. Kf1 Qd2 42. a3 Qa5 0-1

[Event "NED-ch U12 op"]
[Site "Borne"]
[Date "2019.08.07"]
[Round "7"]
[White "Lopes, Samuel"]
[Black "Madularea, David"]
[Result "1-0"]
[WhiteElo "857"]
[BlackElo "1234"]
[PlyCount "49"]
[EventDate "2019.08.05"]
[EventType "swiss"]
[EventRounds "13"]
[EventCountry "NED"]
[SourceTitle "EXT 2020"]
[Source "ChessBase"]
[SourceDate "2019.10.17"]
[SourceVersion "1"]
[SourceVersionDate "2019.10.17"]
[SourceQuality "1"]

1. e4 e6 2. d4 d5 3. e5 c5 4. Be3 Nc6 5. dxc5 Nxe5 6. f4 Nc6 7. Bb5 Bd7 8. Nf3 a6 9. Bxc6 Bxc6 10. Ne5 Bxc5 11. Bxc5 Qa5+ 12. b4 Qb5 13. Nc3 f6 14. Nxb5 Bxb5 15. c4 dxc4 16. a4 Bxa4 17. Qxa4+ b5 18. Qd1 fxe5 19. Qh5+ Kd8 20. 0-0-0+ Kc7 21. Qf7+ Kc8 22. Qd7+ Kb8 23. Qd8+ Kb7 24. Qb6+ Kc8 25. Rd8# 1-0